000 00699nam a22002057a 4500
999 _c166748
_d166748
005 20190807124704.0
010 _aENG-126143
020 _c650.00
_a978-93-220-0845-1
035 _aEN-109675
037 _bDBAD/PUB
082 _a954.0533
100 _aBalashankar,R.
245 _aNarendra Modi:
_cbyR.Balashankar
_bThe Vogue English Literature/
260 _bKonark Publisher Pvt Ltd
_aNew Dilhi
_c2019
270 _bNew Delhi
_a206,First Floor,Peacock lane,Shahpur jat,
_e110049
_k+91-11-41055065
_mindia@konarkpublishers.com
300 _axix270p.
_c24cm(hb)
500 _ait includes index and bibliography
700 _aR. Balashankar
942 _2ddc
_cEN
_h954.0533
_mBAL